| 000 | 01000nam a22002057a 4500 | ||
|---|---|---|---|
| 999 |
_c63295 _d63295 |
||
| 005 | 20250729124854.0 | ||
| 008 | 250729s2011 en ||||| |||| 00| 0 eng d | ||
| 020 | _a9780007431984 X | ||
| 041 | _aeng | ||
| 080 | _a811.111.1+338.488 S-52 | ||
| 100 |
_aSeymour, Mike _d(Author) _925699 |
||
| 245 |
_aHotel & hospitality English / _cMike Seymour |
||
| 250 | _aFirst edition | ||
| 264 |
_a London : _bCollins, _c2011. |
||
| 300 |
_a157 p.: _bill; _c21 cm. |
||
| 653 | _aThis unique self-study course is for elementary-level adults who need English for the hospitality industry, such as workers in hotels and restaurants. Ideal for front-line staff who need to communicate confidently in English to maintain good customer relations | ||
| 653 | _aConversation and phrase books for Restaurant and hotel personnel | ||
| 653 | _aინგლისური სასტუმრო ბიზნესისა და სტუმართმოყვარეობისთვის | ||
| 942 |
_2udc _cBK |
||